| 000 | 01133nam0a2200337 4500 | ||
|---|---|---|---|
| 001 | RU\NLR\bibl\1416915 | ||
| 005 | 20250615213214.0 | ||
| 010 | _a978-5-94232-067-6 | ||
| 021 |
_aRU _b2009-58927 _93639 |
||
| 035 | _a(nilc)RSL-KNO-004360500 | ||
| 035 | _a(NLR Aleph) 001408872 | ||
| 090 |
_a1269562 _c1269562 |
||
| 100 | _a20090709d2009 |||y0rusy50 ca | ||
| 101 | 0 | _arus | |
| 102 | _aRU | ||
| 105 | _aa ||||||||| | ||
| 200 | 1 |
_aРастительный орнамент _e[альбом] _fсост. и авт. предисл. В. И. Ивановская |
|
| 210 |
_aМосква _cВ. Шевчук _d2009 |
||
| 215 |
_a223 с. _cил., цв. ил. _d22 |
||
| 606 | 1 |
_aОрнамент растительный _jАльбомы _91837074 _3RU\NLR\auth\66831232 |
|
| 686 |
_aЩ124.42я61 _2rubbk |
||
| 686 |
_aЕ5я61 _2rubbk |
||
| 686 | _aЩ124.42 | ||
| 702 | 1 |
_aИвановская _bВ. И. _gВера Игоревна _4220 |
|
| 801 | 0 |
_aRU _bРКП _c20090709 _grcr |
|
| 801 | 1 |
_aRU _bРГБ _c20090709 |
|
| 801 | 2 |
_aRU _bNLR _c20090925 _grcr |
|
| 830 | _aсост. по ЭК | ||
| 942 | _cBOOK | ||
| 980 | _aNB | ||